[Event "POL-chT U18 1st"]
[Site "Poland"]
[Date "2022.06.28"]
[Round "4.1"]
[White "Suder, Jakub"]
[Black "Szlosarczyk, Hubert"]
[Result "1-0"]
[WhiteElo "2306"]
[BlackElo "1654"]
[PlyCount "151"]
[EventDate "2022.06.25"]
[EventType "team-swiss"]
[EventRounds "9"]
[EventCountry "POL"]
[SourceTitle "EXT 2023"]
[Source "ChessBase"]
[SourceDate "2022.10.05"]
[SourceVersion "1"]
[SourceVersionDate "2022.10.05"]
[SourceQuality "1"]
[WhiteTeam "Myslenice MAT"]
[BlackTeam "Wieliczka MKS MOS"]
[WhiteTeamCountry "POL"]
[BlackTeamCountry "POL"]

1. e4 e6 2. d4 d5 3. Nd2 dxe4 4. Nxe4 Nd7 5. Nf3 Ngf6 6. Nxf6+ Nxf6 7. Bd3 Be7 8. 0-0 0-0 9. c3 b6 10. Qe2 Bb7 11. Bf4 c5 12. dxc5 Bxc5 13. Rad1 Qc8 14. Ne5 Rd8 15. Rfe1 a5 16. a3 Be7 17. Qe3 Nd5 18. Qh3 f5 19. Bd2 Bf6 20. Nf3 Re8 21. Qg3 Qc7 22. Bc2 Qxg3 23. hxg3 Rad8 24. Bc1 Bc6 25. Nd4 Bxd4 26. Rxd4 e5 27. Rdd1 e4 28. Rd4 Rd7 29. Red1 Red8 30. g4 fxg4 31. Bxe4 Ne7 32. Rxd7 Rxd7 33. Rxd7 Bxd7 34. Kh2 Nf5 35. c4 Be6 36. Bf4 Nd4 37. Be3 Nb3 38. Bxb6 Bxc4 39. Kg3 Be6 40. Bc2 Kf7 41. Kf4 g6 42. Ke5 a4 43. Be3 Ke7 44. Bd3 Na5 45. Bg5+ Kf7 46. Kd4 Nb3+ 47. Kc3 Nc5 48. Bc2 Bf5 49. Bxf5 gxf5 50. Kb4 Nd3+ 51. Kxa4 Nxb2+ 52. Kb5 Ke6 53. a4 Kd7 54. a5 Kc7 55. Be3 h5 56. g3 Nd3 57. Kc4 Ne1 58. Kd5 Nf3 59. Ke6 h4 60. gxh4 Nxh4 61. Bf4+ Kc6 62. Bg3 Ng2 63. Kxf5 Ne1 64. Kxg4 Nd3 65. f3 Kb5 66. Kf5 Kxa5 67. Ke4 Nc5+ 68. Kd5 Nd7 69. Kd6 Nb6 70. f4 Nc4+ 71. Ke6 Ne3 72. Bf2 Ng4 73. Bd4 Kb5 74. Kf5 Nh6+ 75. Kg6 Ng8 76. Bf6 1-0

[Event "POL-chT U18 1st"]
[Site "Poland"]
[Date "2022.06.27"]
[Round "3.1"]
[White "Szlosarczyk, Hubert"]
[Black "Luczak, Filip"]
[Result "0-1"]
[WhiteElo "1654"]
[BlackElo "2311"]
[PlyCount "94"]
[EventDate "2022.06.25"]
[EventType "team-swiss"]
[EventRounds "9"]
[EventCountry "POL"]
[SourceTitle "EXT 2023"]
[Source "ChessBase"]
[SourceDate "2022.10.05"]
[SourceVersion "1"]
[SourceVersionDate "2022.10.05"]
[SourceQuality "1"]
[WhiteTeam "Wieliczka MKS MOS"]
[BlackTeam "Katowice Hetman Szopienice"]
[WhiteTeamCountry "POL"]
[BlackTeamCountry "POL"]

1. d4 g6 2. c4 Bg7 3. Nc3 d6 4. e4 e5 5. d5 f5 6. Qc2 Nf6 7. Bd3 Qd7 8. f3 Na6 9. Qe2 0-0 10. Be3 Nc5 11. Bxc5 dxc5 12. 0-0-0 Ne8 13. Nh3 Nd6 14. Nf2 a6 15. Qc2 b5 16. Nb1 Bh6+ 17. Nd2 Be3 18. Nh3 bxc4 19. Bxc4 fxe4 20. fxe4 Qg4 21. Rhe1 Bh6 22. Bf1 Rb8 23. Kb1 Bxd2 24. Qxd2 Nxe4 25. Qc2 Bf5 26. Bd3 Nd6 27. Bxf5 Rxf5 28. Rc1 c4 29. Qe2 Qd4 30. Red1 Qb6 31. Rd2 e4 32. Ka1 Qa5 33. Nf2 Rxd5 34. Rxd5 Qxd5 35. Ng4 Qd4 36. Ne3 Kg7 37. a3 Rb3 38. Nxc4 Rd3 39. Nxd6 cxd6 40. Rc2 Rxa3+ 41. Kb1 Rd3 42. Rc7+ Kh6 43. Qc2 Rd1+ 44. Ka2 Qd5+ 45. Ka3 Ra1+ 46. Kb4 Qa5+ 47. Kb3 Qb6+ 0-1

[Event "POL-chT U18 1st"]
[Site "Poland"]
[Date "2022.06.25"]
[Round "1.1"]
[White "Szlosarczyk, Hubert"]
[Black "Wojdak, Jan"]
[Result "1-0"]
[WhiteElo "1654"]
[BlackElo "2144"]
[PlyCount "113"]
[EventDate "2022.06.25"]
[EventType "team-swiss"]
[EventRounds "9"]
[EventCountry "POL"]
[SourceTitle "EXT 2023"]
[Source "ChessBase"]
[SourceDate "2022.10.05"]
[SourceVersion "1"]
[SourceVersionDate "2022.10.05"]
[SourceQuality "1"]
[WhiteTeam "Wieliczka MKS MOS"]
[BlackTeam "Rybnik"]
[WhiteTeamCountry "POL"]
[BlackTeamCountry "POL"]

1. d4 d5 2. c4 e6 3. Nc3 Nf6 4. Bg5 Be7 5. e3 h6 6. Bh4 0-0 7. Nf3 b6 8. cxd5 Nxd5 9. Nxd5 exd5 10. Bxe7 Qxe7 11. Qd2 Be6 12. Bd3 Rc8 13. 0-0 c5 14. Rac1 Nd7 15. h3 Nf6 16. Qe2 Rc7 17. b3 a5 18. a4 Qd8 19. Rc2 Ne4 20. Rfc1 Qc8 21. Bxe4 dxe4 22. Nd2 Raa7 23. Nc4 Qa6 24. Qf1 cxd4 25. exd4 Rd7 26. Ne5 Qxf1+ 27. Kxf1 Rd5 28. Ke2 Rb7 29. Ke3 Rd8 30. Rc3 Bd5 31. Rc8 Rb8 32. Rxb8 Rxb8 33. Nd7 Rd8 34. Nxb6 Bxb3 35. Rb1 Bc2 36. Rc1 Bd3 37. g3 Rd6 38. Rc8+ Kh7 39. Nc4 Rf6 40. Ne5 Bf1 41. h4 Bg2 42. Rc6 Rxc6 43. Nxc6 Bh3 44. Nxa5 Bd7 45. Nc4 Bxa4 46. Kxe4 Kg8 47. Ke5 f6+ 48. Kd6 Kf7 49. Ne3 h5 50. d5 g5 51. Nf5 Bc2 52. Nd4 Ba4 53. Kc7 Kg6 54. d6 Be8 55. d7 Bxd7 56. Kxd7 f5 57. f4 1-0

[Event "Malopolska Region-chB"]
[Site "Krakow"]
[Date "2019.06.22"]
[Round "5"]
[White "Jasiak, Filip"]
[Black "Szlosarczyk, Hubert"]
[Result "1-0"]
[WhiteElo "1857"]
[BlackElo "1447"]
[PlyCount "65"]
[EventDate "2019.06.20"]
[EventType "swiss"]
[EventRounds "7"]
[EventCountry "POL"]
[SourceTitle "EXT 2020"]
[Source "ChessBase"]
[SourceDate "2019.10.17"]
[SourceVersion "1"]
[SourceVersionDate "2019.10.17"]
[SourceQuality "1"]

1. Nf3 d5 2. c4 e6 3. d4 Nf6 4. Nc3 Nbd7 5. Bf4 c6 6. e3 Be7 7. Bd3 dxc4 8. Bxc4 b5 9. Bd3 Bb7 10. 0-0 a6 11. Qe2 0-0 12. Rfd1 Qb6 13. Rac1 c5 14. dxc5 Nxc5 15. Bc2 Rfd8 16. Rxd8+ Rxd8 17. b4 Ncd7 18. a3 Rc8 19. Bb3 Bd5 20. Bxd5 Nxd5 21. Na2 Rxc1+ 22. Nxc1 Nxf4 23. exf4 Qc7 24. Nd3 Qc3 25. g3 Qxa3 26. Qe4 Nf8 27. Nfe5 f5 28. Qb7 Bxb4 29. Nxb4 Qxb4 30. Qf7+ Kh8 31. Nc6 Qe1+ 32. Kg2 Qe4+ 33. Kh3 1-0

[Event "Krakow op-B 29th"]
[Site "Krakow"]
[Date "2019.01.04"]
[Round "9"]
[White "Szlosarczyk, Hubert"]
[Black "Vasilenko, Ekaterina"]
[Result "0-1"]
[WhiteElo "1600"]
[BlackElo "1791"]
[PlyCount "122"]
[EventDate "2018.12.27"]
[EventType "swiss"]
[EventRounds "9"]
[EventCountry "POL"]
[SourceTitle "CBM 189 Extra"]
[Source "ChessBase"]
[SourceDate "2019.06.03"]
[SourceVersion "1"]
[SourceVersionDate "2019.06.03"]
[SourceQuality "1"]

1. d4 f5 2. c4 Nf6 3. Nc3 g6 4. Bg5 Bg7 5. Nf3 d6 6. g3 c6 7. Bg2 h6 8. Bxf6 Bxf6 9. 0-0 0-0 10. e4 fxe4 11. Nxe4 Bg7 12. Qd2 Qe8 13. Rfe1 Qf7 14. Rac1 Nd7 15. b3 Nf6 16. Nxf6+ Qxf6 17. h3 Bd7 18. d5 Rae8 19. Re2 g5 20. g4 Qf4 21. Rd1 Qxd2 22. Nxd2 Rf4 23. dxc6 Bxc6 24. Bxc6 bxc6 25. Ne4 Be5 26. Ng3 Kf7 27. Nf5 h5 28. Kg2 hxg4 29. Nh6+ Kg6 30. Nxg4 Bd4 31. Rde1 e5 32. Re4 Rxe4 33. Rxe4 d5 34. cxd5 cxd5 35. Re2 Re6 36. Rc2 Bb6 37. a4 d4 38. b4 d3 39. Rd2 e4 40. Kf1 Bd4 41. b5 Bc3 42. Rd1 Kf5 43. Ne3+ Ke5 44. a5 Kd4 45. a6 Rb6 46. Rb1 Kc5 47. Rc1 Kd4 48. Rb1 Bd2 49. Nf5+ Kc5 50. Rb2 Bc3 51. Rb3 Kc4 52. Rb1 Be5 53. Ne3+ Kc5 54. Rc1+ Kxb5 55. Nc4 Re6 56. Nxe5 Rxe5 57. Ke1 e3 58. fxe3 Rxe3+ 59. Kd2 Rxh3 60. Rg1 Rh5 61. Kxd3 Kxa6 0-1